000 00332nam a22001337a 4500
008 170419b xxu||||| |||| 00| 0 eng d
020 _a0716700905
041 _aeng
080 _a573
100 _a11
101 _aSHM
245 _aTISSUES AND ORGANS: A TEXT-ATLAS OF SCANNING ELECTRON MICROSCOPY
_cKESSEL, R.G
942 _2udc
_cBK
999 _c11217
_d11217